000
00325nam a2200133Ia 4500
999
_c
6762
_d
6762
003
OSt
008
191201s2012 xx 000 0 und d
100
_a
TANEJA, Shweta
245
0
_a
Krishna Defender of Dharma
260
_b
KALYANI MEDIA PVT. LTD.
_c
2012
300
_a
151
650
_a
General Books
942
_2
ddc
_c
BK
_0
6